Flagi Aliantów - Statystyki

Ogólne statystyki
  • Ten quiz został rozwiązany 356 razy
    178 od ostatniego zresetowania
  • Średni wynik to 14 z 15
Statystyki odpowiedzi
Obrazkowy Odpowiedź % Poprawnych
Francja
100%
Kanada
100%
Polska
100%
Stany Zjednoczone
100%
Wielka Brytania
100%
Australia
99%
Belgia
99%
Brazylia
98%
Korea
98%
Iran
96%
Nepal
89%
Czechosłowacja
85%
Mongolia
81%
Grecja
74%
Związek Radziecki
66%
Nie znaleziono quizów pasujących do podanych kryteriów
Rozkład punktacji
Procent ludzi z każdym wynikiem
Percentyl według liczby udzielonych odpowiedzi
Twoja historia wyników
Nie rozwiązałeś tego quizu od ostatniego zresetowania